Australian Survivor: Blood v Water Contestants - Statistics

General Stats
  • This quiz has been taken 77 times
    72 since last reset
  • The average score is 18 of 25
Answer Stats
Answer Pair Original Tribe Post-Swap
Tribes
Shuffled
Tribes
Post-Kidnap
Tribes
Merge Finish % Correct
Sam Gash 9 Blood Blood Water Water Lava 16th out6th jury Day 40
93%
Mark Wales 9 Water Water Blood Blood Lava Sole SurvivorDay 47
91%
Nina Twine 11 Water Water Blood Evacuated Day 22
91%
Sandra Diaz-Twine 11 Blood Blood Blood 5th Out Day 16
91%
Jordie Hansen 5 Water Water Blood Blood Lava 18th out9th jury Day 44
86%
Andy Meldrum 2 Water 1st Out Day 2
79%
Ben Watson 12 Blood Blood Water Water 10th Out Day 24
79%
Chrissy Zaremba 4 Water Water Water Water Lava Runner-upDay 47
79%
Shay Lajoie 12 Water Water Blood Blood Lava Runner-upDay 47
79%
Croc Crocker 4 Blood Blood Water Water 8th Out Day 23
77%
Jordan Schmidt 6 Blood Blood Blood Blood Lava 15th out5th jury Day 38
77%
Jesse Hansen 5 Blood Blood Water Water Lava 13th Out
3rd Jury
Day 30
72%
Mel Chiang 10 Water Water Blood Blood 9th Out Day 24
72%
Mel Chiang 10 Water Water Blood Blood Lava 12th Out 2nd Jury Day 28
72%
David Goodchild 3 Blood Blood Blood Blood Lava 17th out7th jury Day 42
70%
Josh Millgate 6 Water Water Blood Blood Lava 20th out10th jury Day 46
70%
Sophie Cachia 8 Blood Water Water 6th Out Day 18
67%
Kate Tatham 2 Blood 3rd Out Day 7
65%
Briana Goodchild 3 Water 2nd Out Day 5
63%
Alex Frost 1 Water Water Quit Day 12
60%
KJ Austin 8 Water Water Water Blood Lava 19th out9th jury Day 45
60%
Amy Ong 7 Blood Blood Blood 7th Out Day 20
58%
Khanh Ong 7 Water Water Water Water Lava 11th Out 1st Jury Day 27
58%
Michelle Chiang 10 Blood Blood Water Water Lava Eliminated 4th Jury Day 36
58%
Jay Bruno 1 Blood Blood 4th Out Day 14
49%
No matching quizzes found
Score Distribution
Percent of People with Each Score
Percentile by Number Answered
Your Score History
You have not taken this quiz since the last reset